Comuni della Provincia di Genova (con mappa) - Statistics

Statistiche generali
  • Questo quiz è stato fatto 56 volte
  • Il punteggio medio è 30 su 67
Risposte nella Mappa
Le risposte nella mappa del quiz sottostante sono codificate secondo una scala di colori dal rosso al verde in base alla % di persone che hanno risposto correttamente.
 
Statistiche sulle risposte
Risposta % Corretto
Genova
98%
Rapallo
84%
Sestri Levante
80%
Chiavari
77%
Portofino
77%
Arenzano
75%
Santa Margherita Ligure
73%
Busalla
70%
Camogli
70%
Lavagna
70%
Cogoleto
68%
Recco
68%
Bogliasco
64%
Zoagli
64%
Ronco Scrivia
61%
Campomorone
59%
Moneglia
57%
Ne
57%
Pieve Ligure
55%
Casella
52%
Mele
52%
Sant'Olcese
52%
Sori
52%
Isola del Cantone
50%
Santo Stefano d'Aveto
50%
Serra Riccò
50%
Bargagli
45%
Borzonasca
43%
Masone
43%
Tiglieto
43%
Carasco
41%
Casarza Ligure
41%
Torriglia
41%
Campo Ligure
39%
Rezzoaglio
39%
Rossiglione
39%
Uscio
39%
Cicagna
36%
Crocefieschi
36%
Davagna
36%
Savignone
36%
Ceranesi
34%
Leivi
34%
Lumarzo
34%
Mignanego
34%
Castiglione Chiavarese
32%
Montebruno
32%
Neirone
32%
San Colombano Certenoli
32%
Vobbia
32%
Avegno
30%
Cogorno
30%
Montoggio
30%
Rovegno
30%
Fontanigorda
27%
Moconesi
27%
Orero
27%
Favale di Malvaro
25%
Mezzanego
25%
Valbrevenna
25%
Propata
23%
Rondanina
23%
Coreglia Ligure
20%
Fascia
20%
Gorreto
20%
Lorsica
20%
Tribogna
20%
Nessun quiz corrispondente trovato
Distribuzione punteggi
Percentuale di utenti per punteggio
Percentile per numero di risposta
I tuoi punteggi nel tempo
Non hai fatto questo quiz